000 00924nam a2200205Ia 4500
003 Ost
005 20260507075111.0
008 260507s9999||||xx |||||||||||||| ||und||
040 _cfsecg
041 _aara
082 _a600
100 _aعبد الحميد، عبد المطلب
_eمؤلف
245 0 _aالبنوك الشاملة :
_bعملياتها وإدارتها /
_c عبد المطلب عبد الحميد
260 _aالاسكندرية:
_bالدار الجامعية,
_c[دون تاريخ]
300 _a396 صفحة؛
_bإيضاحات ؛
_c25 سم
504 _aببليوغرافيا:ص.7-12
520 _aالبنوك الشاملة وادارة عملياتها على مستوى المعاملات المحلية،البنوك الشاملة وإدارة عملياتها على مستوى المعاملات الدولية
653 _aالبنوك - تنظيم وإدارة
942 _cكتاب
999 _c42921
_d42921